| 000 | 03165cam a22004457i 4500 | ||
|---|---|---|---|
| 999 |
_c113688 _d113688 |
||
| 001 | 18579304 | ||
| 003 | BJBSDDR | ||
| 005 | 20230411090618.0 | ||
| 007 | ta | ||
| 008 | 150417s2015 enka b 001 0 eng c | ||
| 010 | _a 2015939043 | ||
| 020 | _a9780198713395 | ||
| 020 | _a0198713398 | ||
| 035 | _a(OCoLC)ocn893455325 | ||
| 040 |
_aspa _beng _cBTCTA _dYDXCP _dBDX _dCDX _dEQO _dUPM _dOCLCO _dCUD _dVP@ _dVWL _dOCLCF _dOCLCO _dILI _dNLGGC _dOCLCO _dNZQQP _dOCLCQ _dS3O _dOCLCO _dDLC |
||
| 042 | _apcc | ||
| 050 | 1 | 4 |
_aHD 8038 _bS964f 2015 |
| 100 | 1 |
_aSusskind, Richard E. _q(Richard Eric), _99775 _d1961- |
|
| 245 | 1 | 4 |
_aThe future of the professions : _bhow technology will transform the work of human experts / _cRichard Susskind and Daniel Susskind. |
| 250 | _aFirst edition. | ||
| 264 | 1 |
_aOxford, United Kingdom : _bOxford University Press, _c2015. |
|
| 300 |
_axiv, 346 pages : _billustration ; _c24 cm |
||
| 336 |
_atext _btxt _2rdacontent |
||
| 337 |
_aunmediated _bn _2rdamedia |
||
| 338 |
_avolume _bnc _2rdacarrier |
||
| 504 | _aIncludes bibliographical references (pages 309-335) and index. | ||
| 505 | 0 | 0 |
_gPart 1. Change: _tThe grand bargain -- _tFrom the vanguard -- _tPatterns across the professions -- _gPart 2. Theory: _tInformation and technology -- _tProduction and distribution of knowledge -- _gPart 3. Implications: _tObjections and anxieties -- _tAfter the professions -- _gConclusion : what future should we want? |
| 520 | _aThis book predicts the decline of today's professions and describes the people and systems that will replace them. In an Internet society, according to Richard Susskind and Daniel Susskind, we will neither need nor want doctors, teachers, accountants, architects, the clergy, consultants, lawyers, and many others, to work as they did in the 20th century. The Future of the Professions explains how 'increasingly capable systems' - from telepresence to artificial intelligence - will bring fundamental change in the way that the 'practical expertise' of specialists is made available in society. The authors challenge the 'grand bargain' - the arrangement that grants various monopolies to today's professionals. They argue that our current professions are antiquated, opaque and no longer affordable, and that the expertise of the best is enjoyed only by a few. In their place, they propose six new models for producing and distributing expertise in society. | ||
| 650 | 4 |
_aEmpleados profesionales _99799 |
|
| 650 | 4 |
_aInnovaciones tecnológicas _xAspectos sociales _91640 |
|
| 650 | 0 |
_aCivilización _9146 |
|
| 700 | 1 |
_aSusskind, Daniel _99779 |
|
| 856 | 4 | 2 |
_3Contributor biographical information _uhttps://www.loc.gov/catdir/enhancements/fy1614/2015939043-b.html |
| 856 | 4 | 2 |
_3Publisher description _uhttps://www.loc.gov/catdir/enhancements/fy1614/2015939043-d.html |
| 856 | 4 | 1 |
_3Table of contents only _uhttps://www.loc.gov/catdir/enhancements/fy1614/2015939043-t.html |
| 906 |
_a7 _bcbc _cpccadap _d2 _encip _f20 _gy-gencatlg |
||
| 942 |
_2lcc _cBK |
||